Hviezda nádeje propagačný plagát :literárno - hudobné podujatie venované pamiatke sv. Cyrila a Metoda

Zobrazenie: na bielom podklade text sivomodrej farby, v ľavom hornom rohu grafický obrázok Cyrila a Metoda v modrobielej farebnosti.

Bibliographic Details
Format: Photo
Language:Slovak
PhysicalDescription:1 plagát farebný 43 x 61 cm
Published: [Slovensko?] [vydavateľ neznámy?] [1993?]
Subjects:

MARC

LEADER 00000nkm a2200000 4500
001 vtls011890711
003 SK-MaSNL
005 20260301225325.0
007 kf co
008 240409q1987 xo g 00 k|slo
015 |a SNBG1987 
035 |a urn:nbn:sk:snk-km00dzvu 
035 |a urn:nbn:sk:snk-km3m1b1 
035 |a ED08B0CC-1E3D-47EC-B044-CBBD32ABA01B 
040 |a SNK  |b slo  |c SNK  |e rda 
041 0 |a slo 
044 |a xo  |c SK 
072 7 |a 394  |x Verejný a spoločenský život. Každodenný život  |2 konspekt 
080 |a 394.1/.7  |2 2011 
080 |a (084.5)  |2 2011 
245 0 0 |a Hviezda nádeje  |h grafika  |b propagačný plagát :literárno - hudobné podujatie venované pamiatke sv. Cyrila a Metoda 
264 1 |a [Slovensko?]  |b [vydavateľ neznámy?]  |c [1993?] 
300 |a 1 plagát  |b farebný  |c 43 x 61 cm 
336 |a statický obraz  |b sti  |2 rdacontent 
336 |a text  |b txt  |2 rdacontent 
337 |a bez média  |b n  |2 rdamedia 
338 |a list  |b nc  |2 rdacarrier 
500 |a Dátum vydania nie je určený. 
520 |a Zobrazenie: na bielom podklade text sivomodrej farby, v ľavom hornom rohu grafický obrázok Cyrila a Metoda v modrobielej farebnosti. 
650 0 7 |a kultúrne podujatia  |2 SNKPH  |9 71676 
655 7 |a plagáty  |2 SNKPH  |9 70571 
852 |a Slovenská národná knižnica v Martine 
958 |a CP 
958 |a OND 
958 |a TL 
999 |c 950476  |d 952406 
952 |a SNKLM  |b SNKLM  |y PREZ  |7 0  |p 17A1262619  |o snklm L 2219  |i snklm 202/94  |8 7  |0 0  |1 0  |4 0  |d 2019-10-02  |f 1  |l 0  |r 2026-02-24 09:46:46  |w 2026-02-24